ბათუმის შოთა რუსთაველის სახელმწიფო უნივერსიტეტის ბიბლიოთეკა

ევროკავშირის პოლიტიკა : (ბიბ.ჩანაწერი № 52637)

000 -ლიდერი
ფიქსირებული სიგრძის საკონტროლო ველი 02178nam a2200253Ia 4500
001 - საკონტროლო ნომერი
საკონტროლო ველი 19661
003 - საკონტროლო ნომრის იდენტიფიკატორი
საკონტროლო ველი GE_BSU
005 - ბოლო ოპერაციის თარიღი და დრო
საკონტროლო ველი 20200315191847.0
008 - ფიქსირებული სიგრძის მონაცემთა ელემენტები - ზოგადი ინფორმაცია
ფიქსირებული სიგრძის საკონტროლო ველი 181216s2016||||ge |||||||||||||| ||geo||
020 ## - წიგნის საერთაშორისო სტანდარტული ნომერი
International Standard Book Number 9789941947025
040 ## - კატალოგიზაციის წყარო
Transcribing agency GE_BSU
041 ## - ენის კოდი
Language code of text/sound track or separate title geo
080 ## - უნივერსალური ათობითი კლასიფიკაციის ინდექსი
Universal Decimal Classification number 327.7 მ-18
100 ## - მთავარი ჩანაწერი - პიროვნების სახელი
Personal name მაკკორმიკი, ჯონ
9 (RLIN) 7736
245 ## - ცნობა სათაურის შესახებ
Title ევროკავშირის პოლიტიკა :
Remainder of title ,,ევროკავშირის პოლიტიკის“ ქართულ ენაზე გამოცემა მეტად მნიშვნელოვანია ,,ევროპული ინტეგრაციისა და შრომითი ურთიერთობების“ პროგრამის სტუდენტებისათვის. ეს წიგნი ფასეულია მკვლევარებისთვის, პოლიტიკოსებისა და ყველა იმ ადამიანისათვის, რომელსაც აინტერესებს ევროკავშირისა და საქართველოს განვითარების პერსპექტივა /
Statement of responsibility, etc ჯონ მაკკორმიკი ; მთარგმნელები : ხათუნა ბასილაშვილი, მაგდანა ჯანელიძე ; რედ. ეკა აკობია ; სარედ. კოლეგია : სერგი კაპანაძე, კახა შენგელია და სხვ. /
264 ## - წარმოების, გამოცემის, დისტრიბუციის და სხვა ცნობები
გამოცემის, წარმოების, დისტრიბუციის... ადგილი თბილისი :
გამოცემის, წარმოების, დისტრიბუციის... სახელწოდება დამანი,
გამოცემის, წარმოების, დისტრიბუციის... თარიღი 2016.
300 ## - ფიზიკური აღწერა
Extent 583 გვ. ;
Dimensions 24 სმ.
653 ## - INDEX TERM--UNCONTROLLED
Uncontrolled term პოლიტიკა
700 ## - ADDED ENTRY--PERSONAL NAME
Personal name ბასილაშვილი, ხათუნა
Relator term მთარგმნელი
9 (RLIN) 7737
700 ## - ADDED ENTRY--PERSONAL NAME
Personal name ჯანელიძე, მაგდანა
Relator term მთარგმნელი
9 (RLIN) 7738
700 ## - ADDED ENTRY--PERSONAL NAME
Personal name აკობია, ეკა
Relator term რედაქტორი
9 (RLIN) 7739
710 ## - ADDED ENTRY--CORPORATE NAME
Corporate name or jurisdiction name as entry element კავკასიის უნივერსიტეტი
9 (RLIN) 7740
942 ## - ADDED ENTRY ELEMENTS (KOHA)
Koha item type წიგნი
Source of classification or shelving scheme
ეგზემპლარები
ჩამოწერის სტატუსი დაკარგული ეგზემპლარის სტატუსი კლასიფიკაციის წყარო ან თაროზე გაწყობის სქემა დაზიანების სტატუსი არ გაიცემა მუდმივი მდებარეობა (დაცვის ადგილი) ამჟამინდელი ადგილსამყოფელი თაროზე განთავსების ადგილი შეძენის თარიღი სრული შენახვის შიფრი შტრიხკოდი ბოლო ოპერაციის თარიღი ეგზემპლარის მიმდევრობითი ნომერი (კეტერი?) ფასის ძალაში შესვლის თარიღი ეგზემპლარის სახეობა
          ბათუმის შოთა რუსთაველის სახელმწიფო უნივერსიტეტის მთავარი ბიბლიოთეკა ბათუმის შოთა რუსთაველის სახელმწიფო უნივერსიტეტის მთავარი ბიბლიოთეკა წიგნსაცავი 2018-12-17 327.7 მ-18 51804 2018-12-17 51804 2018-12-17 წიგნი